000 00561nam a2200217Ia 4500
003 OSt
005 20220924133925.0
006 a|||||r|||| 00| 0
007 ta
008 220923b |||||||| |||| 00| 0 snd d
024 _a271145
037 _cTextual
040 _aARTS
_cARTS
_bsnd
041 _2snd
_asnd
082 _a/\2y7M86, 1593K5
100 _aTutreja
_9207686
245 0 _aJeewan katha
_b amar shahid sant Kanwar Ram Sahib
260 _c1965
942 _h/\2y7M86, 1593K5
_cTEXL
_2CC
999 _c435767
_d435767